Jewels of Cambodia / (Record no. 2724)

MARC details
000 -LEADER
fixed length control field 00848cam a22002774 4500
001 - CONTROL NUMBER
control field 10563632
003 - CONTROL NUMBER IDENTIFIER
control field GBCCL
005 - DATE AND TIME OF LATEST TRANSACTION
control field 20241126110437.0
008 - FIXED-LENGTH DATA ELEMENTS--GENERAL INFORMATION
fixed length control field 050613s2005 enka 000 0 eng d
015 ## -
-- GBA553430
-- bnb
016 7# -
-- 013218907
-- Uk
020 ## - INTERNATIONAL STANDARD BOOK NUMBER
International Standard Book Number 1850786372
020 ## - INTERNATIONAL STANDARD BOOK NUMBER
International Standard Book Number 9781850786375
035 ## - SYSTEM CONTROL NUMBER
System control number (OCoLC)ocn855849075
035 ## - SYSTEM CONTROL NUMBER
System control number 10563632
040 ## - CATALOGING SOURCE
Original cataloging agency CUD
Language of cataloging eng
Transcribing agency CUD
Modifying agency BAKER
-- BTCTA
-- UKM
-- CtY-D
082 04 - DEWEY DECIMAL CLASSIFICATION NUMBER
Classification number 270.09596
-- 270.095960904
Edition information 22
Item number SLO
100 1# - MAIN ENTRY--PERSONAL NAME
Personal name Sloggett, Brenda.
9 (RLIN) 5752
245 10 - TITLE STATEMENT
Title Jewels of Cambodia /
Statement of responsibility, etc. Brenda Sloggett.
260 ## - PUBLICATION, DISTRIBUTION, ETC.
Place of publication, distribution, etc. Bletchley, Bucks :
Name of publisher, distributor, etc. Authentic,
Date of publication, distribution, etc. c2005.
300 ## - PHYSICAL DESCRIPTION
Extent 198 p. :
Other physical details ill. ;
Dimensions 20 cm.
610 20 - SUBJECT ADDED ENTRY--CORPORATE NAME
Corporate name or jurisdiction name as entry element World Vision International Cambodia.
9 (RLIN) 5753
650 #0 - SUBJECT ADDED ENTRY--TOPICAL TERM
Topical term or geographic name entry element Christian communities
Geographic subdivision Cambodia.
9 (RLIN) 5754
651 #0 - SUBJECT ADDED ENTRY--GEOGRAPHIC NAME
Geographic name Cambodia
General subdivision Christianity
Chronological subdivision 20th century.
9 (RLIN) 5755
942 ## - ADDED ENTRY ELEMENTS (KOHA)
Source of classification or shelving scheme Dewey Decimal Classification
Koha item type Books
Holdings
Withdrawn status Lost status Source of classification or shelving scheme Damaged status Not for loan Home library Current Library Shelving location Date acquired Total checkouts Full call number Barcode Date last seen Copy number Price effective from Koha item type
    Dewey Decimal Classification     GRACE BIBLE COLLEGE GRACE BIBLE COLLEGE Church History 2017-09-13   270.09596 SLO 002283 2025-05-01 c.1 2017-09-13 Books
© Grace Bible College Library 2025